| 000 | 01038cam a2200241 4500 | ||
|---|---|---|---|
| 001 | ##L135307 | ||
| 008 | 061011n2006 000 0 eng u | ||
| 035 | _a(Sirsi) u135307 | ||
| 041 | 0 | _aeng | |
| 050 | 0 | 4 | _a333.3309421 $2 18 |
| 110 | 2 |
_aColliers CRE _95075 |
|
| 245 | 0 | 0 |
_aResidential lettings _bmarket review |
| 260 | 3 |
_aLondon _bColliers CRE _c2006 |
|
| 490 | 0 | _aColliers CRE Residential Lettings Market Review | |
| 505 | 1 | _aMarket overview -- Tenant and landlord profile -- Buy to let market -- Returns -- Future of the lettings market | |
| 520 | _aGives an overview of current aspects involved in residential lettings such as: tenants and landlords; the buy-to-let market; returns and the future of the lettings market. | ||
| 590 | _aIKA171006 | ||
| 650 | 2 | 4 | _aCOLLIERS CRE RESIDENTIAL LETTINGS MARKET REVIEW |
| 651 | 4 |
_aUnited Kingdom _y |
|
| 690 | _aPROPERTY-RESIDENTIAL PROPERTY-RESIDENTIAL PROPERTY MARKET | ||
| 856 | 4 | 0 |
_uhttps://www.colliers.com _zView the item free of charge at www.colliers.com... |
| 942 | _n0 | ||
| 999 |
_c105996 _d105996 |
||